| 000 | 00000nas 2200000zi 4500 |
| 001 | 9.922013 |
| 003 | CaOODSP |
| 005 | 20231129100508 |
| 006 | m o d f |
| 007 | cr ||||||||||| |
| 008 | 230427c20209999oncar p o||||f1 a0eng| |
| 040 | |aCaOODSP|beng|erda|cCaOODSP |
| 043 | |an-cn--- |
| 086 | 1 |aPS7-3E-PDF |
| 110 | 2 |aCanadian Risk and Hazards Network.|eauthor, |eissuing body. |
| 245 | 10|aDRR Roundtable ... |
| 246 | 3 |aDisaster Risk Reduction Roundtable ... |
| 264 | 1|a[Ottawa] : |b[Public Safety Canada], |c[2020]- |
| 310 | |aAnnual |
| 336 | |atext|btxt|2rdacontent |
| 337 | |acomputer|bc|2rdamedia |
| 338 | |aonline resource|bcr|2rdacarrier |
| 362 | 1 |aBegan with: 2020. |
| 500 | |aIssued also in French under title: Table ronde ... sur la RRC. |
| 500 | |a"Funded by the Government of Canada." |
| 500 | |aEach issue has a distinctive title. |
| 500 | |aSubtitle varies. |
| 588 | |aDescription based on: 2020. |
| 588 | |aLatest issue consulted: 2020. |
| 650 | 0|aCivil defense|zCanada|vCongresses|vPeriodicals. |
| 650 | 0|aRisk management|zCanada|vPeriodicals. |
| 655 | 7|aPeriodicals|2lcgft |
| 710 | 1 |aCanada. |bPublic Safety Canada, |eissuing body. |
| 775 | 08|tTable ronde ... sur la RRC.|w(CaOODSP)9.922012 |
| 780 | 00|t... Annual National Roundtable on Disaster Risk Reduction |w(CaOODSP)9.512576 |